Статистические сведения о льнопрядильных и полотняных предприятиях Северного, Прибалтийского, Подмосковного и других районов Рос...

Доступно только в Электронных читальных залах Найти на картеНа карте
RUSMARC
00003825nmc2a22002413x 450
00152597ab9-6b0a-450f-95c7-12a8509b41a7
00520210404043740.0
100##$a20200924l19011910k l0rusy0189 ca
1010#$arus
102##$aRU
105##$ay###
1222#$ad
2001#$aСтатистические сведения о льнопрядильных и полотняных предприятиях Северного, Прибалтийского, Подмосковного и других районов Российской империи с разделением их на прибыльные, непостоянной доходности, бездоходные, убыточные и другие предприятия с указанием акционерного, запасного, резервного и других капиталов
$j1901-1910 гг.
215##$a26 л.
$d36,5х26 см
251##$cДело
300##$aОтдел статистический
371##$aДокумент не является опубликованным и широко распространяемым
461#0$1001462bc950-73da-43c4-909a-7b2c52d22778
$12001
$aСовет съездов представителей промышленности и торговли
$1251
$cФонд
$1852
$j32
462#0$10016d63d908-4edb-4782-94eb-bfaf477d4f70
$12001
$aОпись № 1
$1251
$cОпись
$1852
$j1
801#0$aRU
$bРГИА
$c20200924
$gRCR
801#1$aRU
$bГлавНИВЦ
$c20200924
$2rusmarc
801#2$aRU
$bПБ им. Б.Н. Ельцина
$c20210404
$gRCR
$2rusmarc
850##$aРГИА
852##$aРГИА
$eФедеральное казенное учреждение "Российский государственный исторический архив" (РГИА)
$j1306
937##$hРГИА
$d12351556
$aASBIBLIO_SCAN
035##$aRusGRCC00012674
856##$uhttp://readingroom.main.prlib.ru/item.aspx?id_node=n161117768&mode=full
Формат отображения